| 000 | 00618nam a22001937a 4500 | ||
|---|---|---|---|
| 003 | 0 | ||
| 005 | 20241114102508.0 | ||
| 008 | 241114b xxu||||| |||| 00| 0 eng d | ||
| 020 | _a978-1-78312-475-6 | ||
| 082 |
_aREF 920.72 _bW899 2019 |
||
| 100 | _aWoodward, Kay | ||
| 245 |
_aWonder women : _btrue stories of iconic women to inspire a new generation _cKay Woodward. |
||
| 260 |
_aLondon : _bCarlton Books Limited, _cc2019. |
||
| 300 |
_a64 p. : _bcol. ill. ; _c35 cm. |
||
| 504 | _aIncludes index. | ||
| 650 |
_aWomen _vJuvenile literature. |
||
| 650 |
_aWomen _vBiographies _xJuvenile literature. |
||
| 942 |
_2ddc _cBK |
||
| 999 |
_c366711 _d366711 |
||